• 首页
  • 本馆介绍
  • 公告通知
  • 最新文献
  • 馆藏检索
  • 电子资源
  • 读者导购
  • 参考咨询
  • 我的图书馆
  • 登录
  • 详细信息显示
  • 放入我的书架
  • 预约/预借图书
  • 作者相关作品
  • 分类相关作品
  • 丛书相关作品
  • 出版社相关作品

书目信息

  • 表格格式
  • 工作单格式
  • 卡片格式
题名:
基辅1941
    
 
作者: 张向明 著
分册:  
出版信息: 北京   台海出版社  2019
页数: 285页
开本: 26cm
丛书名: 指文战史系列
单 册:
中图分类: K512.54
科图分类:
主题词: 苏联卫国战争--史料
电子资源:
ISBN: 978-7-5168-1145-0
000 01052nam 2200277 450
001 2348400352
005 20240107135331.67
010    @a978-7-5168-1145-0@dCNY100.00,原价149.80
100    @a20200611d2019 em y0chiy50 ea
101 0  @achi
102    @aCN@b110000
105    @aabcka 000yy
200 1  @a基辅1941@Aji fu 1941@e史上最大合围战@f张向明著
205    @a第2版
210    @a北京@c台海出版社@d2019
215    @a285页@c图, 地图, 肖像@d26cm
225 2  @a指文战史系列@Azhi wen zhan shi xi lie@v061
320    @a有书目 (第283-285页)
330    @a本书描写1941年7月至9月间发生在欧洲战场上的激烈战斗, 详细介绍了基辅战役期间作战双方战场形势和兵员的变化。本书以权威官方史料、经典历史照片、详细作战地图以及军队兵力配备表、各筑垒地域简介等, 翔实客观地陈述了该战役的全部历程。
410  0 @12001 @a指文战史系列@v061
517 1  @a史上最大合围战@Ashi shang zui da he wei zhan
606 0  @a苏联卫国战争@x史料
690    @aK512.54@v5
701  0 @a张向明@Azhang xiang ming@4著
801  0 @aCN@b湖北三新@c20200611
905    @aZUCC@dK512.54@e3=2
    
    基辅1941:史上最大合围战/张向明著.-第2版.-北京:台海出版社,2019
    285页:图, 地图, 肖像;26cm.-(指文战史系列;061)
    
    
    ISBN 978-7-5168-1145-0:CNY100.00,原价149.80
    本书描写1941年7月至9月间发生在欧洲战场上的激烈战斗, 详细介绍了基辅战役期间作战双方战场形势和兵员的变化。本书以权威官方史料、经典历史照片、详细作战地图以及军队兵力配备表、各筑垒地域简介等, 翔实客观地陈述了该战役的全部历程。
●
相关链接 在五车中查询图书 在当当中查询图书 在豆瓣中查询图书


正题名:基辅1941     索取号:K512.54/3=2         预约/预借

序号 登录号 条形码 馆藏地/架位号 状态 备注
1 2001374971   2001374971   315书库/ [索取号:K512.54/3=2] 在馆    
2 2001374972   2001374972   315书库/ [索取号:K512.54/3=2] 在馆    
3 2001374973   2001374973   315书库/ [索取号:K512.54/3=2] 在馆    
4 2001374974   2001374974   315书库/ [索取号:K512.54/3=2] 在馆    
5 2001374975   2001374975   315书库/ [索取号:K512.54/3=2] 在馆    
6 2001374976   2001374976   516书库/ [索取号:K512.54/3=2] 在馆    
7 2001374977   2001374977   516书库/ [索取号:K512.54/3=2] 在馆    
8 2001374978   2001374978   516书库/ [索取号:K512.54/3=2] 在馆    
9 2001374979   2001374979   516书库/ [索取号:K512.54/3=2] 在馆    
10 2001374980   2001374980   516书库/ [索取号:K512.54/3=2] 在馆    
11 2001374981   2001374981   516书库/ [索取号:K512.54/3=2] 在馆    
12 2001374982   2001374982   516书库/ [索取号:K512.54/3=2] 在馆    
13 2001374983   2001374983   315书库/ [索取号:K512.54/3=2] 在馆    
14 2001374984   2001374984   516书库/ [索取号:K512.54/3=2] 在馆    
15 2001374985   2001374985   516书库/ [索取号:K512.54/3=2] 在馆    
16 2001374986   2001374986   516书库/ [索取号:K512.54/3=2] 在馆    
17 2001374987   2001374987   516书库/ [索取号:K512.54/3=2] 在馆    
18 2001374988   2001374988   516书库/ [索取号:K512.54/3=2] 在馆    
19 2001374989   2001374989   516书库/ [索取号:K512.54/3=2] 在馆    
20 2001374990   2001374990   516书库/ [索取号:K512.54/3=2] 在馆    
21 2001374991   2001374991   516书库/ [索取号:K512.54/3=2] 在馆    
22 2001374992   2001374992   516书库/ [索取号:K512.54/3=2] 在馆    
23 2001374993   2001374993   516书库/ [索取号:K512.54/3=2] 在馆    
24 2001374994   2001374994   516书库/ [索取号:K512.54/3=2] 在馆    
25 2001374995   2001374995   516书库/ [索取号:K512.54/3=2] 在馆    
26 2001374996   2001374996   516书库/ [索取号:K512.54/3=2] 在馆    
27 2001374997   2001374997   516书库/ [索取号:K512.54/3=2] 在馆    
28 2001374998   2001374998   516书库/ [索取号:K512.54/3=2] 在馆    
29 2001374999   2001374999   516书库/ [索取号:K512.54/3=2] 在馆    
30 2001375000   2001375000   516书库/ [索取号:K512.54/3=2] 在馆    
山东省滨州职业学院图书馆 欢迎您!
大连网信软件有限公司© 版权所有